|
|
|
|
| LEADER |
01201naa a2200253 i 4500 |
| 001 |
acta86738 |
| 005 |
20250307142529.0 |
| 008 |
250307s2025 hu o 100 eng d |
| 020 |
|
|
|a 978-963-688-036-1
|
| 040 |
|
|
|a SZTE Egyetemi Kiadványok Repozitórium
|b hun
|
| 041 |
|
|
|a eng
|
| 041 |
|
|
|a spa
|
| 100 |
2 |
|
|a Restituyo Grullón Annette Virginia
|
| 245 |
1 |
0 |
|a Venezuela
|h [elektronikus dokumentum] :
|b a turning point between Mexico and Trujillismo = Venezuela: un punto de inflexión entre México y el Trujillismo : [abstract] /
|c Restituyo Grullón Annette Virginia
|
| 260 |
|
|
|a Hispanisztika Alapítvány
|b Szeged
|c 2025
|
| 300 |
|
|
|a 34
|
| 490 |
0 |
|
|a South America International Conference
|v 5
|
| 650 |
|
4 |
|a Társadalomtudományok
|
| 650 |
|
4 |
|a Politikatudomány
|
| 650 |
|
4 |
|a Bölcsészettudományok
|
| 650 |
|
4 |
|a Történettudomány és régészet
|
| 695 |
|
|
|a Nemzetközi kapcsolatok - Venezuela-Dominikai Köztársaság - 20. sz. - előadáskivonat, Rafael Leónidas Trujillo Molina - előadáskivonat
|
| 711 |
|
|
|a V. South America International Conference
|c Budapest
|d 2025. február 28- március 1.
|
| 856 |
4 |
0 |
|u http://acta.bibl.u-szeged.hu/86738/1/south_america_ic_005_034.pdf
|z Dokumentum-elérés
|